Obscure Knowledge - South American Capitals Quiz Stats

 Plays Quiz Updated Mar 3, 2020

Support Sporcle.
Go Orange.
Score 0/12 Timer 02:00
6 Plays Today
Percent Guessed Capital % Correct
93.5%???
100%
93.3%???
95.5%
92.1%???
90.6%
90.1%???
88.5%
86.1%???
86.5%
85.0%???
83.9%
84.1%???
81.1%
83.9%???
74%
83.2%???
67.9%
72.2%???
61%
71.7%???
49.2%
59.4%???
39.4%

From the Vault

2016 Movie Taglines

by Gorguf

Movies 5m
Fantastic Taglines and Where To Find Them.
Remove Ads.
Support Sporcle.
Get the best of Sporcle when you Go Orange. This ad-free experience offers more features, more stats, and more fun while also helping to support Sporcle. Thank you for becoming a member.

Show Comments

Extras

Top Quizzes Today


Score Distribution

Your Account Isn't Verified!

In order to create a playlist on Sporcle, you need to verify the email address you used during registration. Go to your Sporcle Settings to finish the process.

Report this User

Report this user for behavior that violates our Community Guidelines.

Details: